Statistics for 80purppp - Hex

Click here to take the quiz!

General Stats

  • This quiz has been taken 5 times
  • The average score is 114 of 262

Answer Stats

Answer% Correct
a
100%
I
100%
the
100%
and
75%
And
75%
is
75%
it
75%
me
75%
Me
75%
much
75%
my
75%
No
75%
on
75%
she
75%
to
75%
Yo
75%
yo
75%
You
75%
you
75%
your
75%
All
50%
all
50%
at
50%
B
50%
but
50%
East
50%
feelin
50%
get
50%
Get
50%
Girl
50%
girl
50%
Got
50%
how
50%
I'm
50%
just
50%
like
50%
not
50%
Not
50%
Power
50%
see
50%
So
50%
that
50%
then
50%
they
50%
Too
50%
west
50%
you're
50%
arrest
25%
ass
25%
Ayy
25%
be
25%
beautiful
25%
best
25%
boo
25%
bright
25%
chest
25%
Cleaning
25%
crude
25%
cutest
25%
do
25%
dreams
25%
dude
25%
gotta
25%
Gotta
25%
hand
25%
her
25%
Hey
25%
hollering
25%
hurt
25%
if
25%
know
25%
life
25%
likely
25%
lines
25%
long
25%
lot
25%
makin
25%
man
25%
mood
25%
move
25%
next
25%
night
25%
nothin
25%
nothing
25%
off
25%
or
25%
other
25%
puttin
25%
rackin
25%
rappers
25%
rest
25%
right
25%
round
25%
rude
25%
say
25%
settin
25%
should
25%
smoke
25%
smooth
25%
some
25%
sorry
25%
Take
25%
take
25%
talking
25%
Tesla
25%
test
25%
these
25%
thinking
25%
tree
25%
tryna
25%
up
25%
using
25%
visine
25%
want
25%
what
25%
with
25%
bread
0%
diamonds
0%
ending
0%
fam
0%
food
0%
God's
0%
grab
0%
I'll
0%
I'ma
0%
knight
0%
lights
0%
Low
0%
make
0%
one
0%
outta
0%
pearls
0%
plan
0%
rockin
0%
seats
0%
showered
0%
soon
0%
stand
0%
treat
0%
trying
0%
turn
0%
uh
0%
wanna
0%
world
0%

Score Distribution

Percentile by Number Answered

Percent of People with Each Score

Your Score History

You have not taken this quiz